MARC details
| 000 -LÍDER |
| campo de controle de tamanho fixo |
01672naa a22004097a 4500 |
| 001 - NÚMERO DE CONTROLE |
| campo de controle |
BR8401351 |
| 003 - IDENTIFICADOR DO NÚMERO DE CONTROLE |
| campo de controle |
BR-BrBNA |
| 005 - DATA E HORÁRIO DA ÚLTIMA TRANSAÇÃO |
| campo de controle |
20250721154433.0 |
| 007 - CAMPO FIXO DE DESCRIÇÃO FÍSICA--INFORMAÇÃO GERAL |
| campo de controle de tamanho fixo |
ta |
| 008 - CAMPO DE DADOS FIXOS--INFORMAÇÃO GERAL |
| campo de controle de tamanho fixo |
250630b bl.|||m| |||| 00| 0 por d |
| 040 ## - FONTE DA CATALOGAÇÃO |
| Instituição da catalogação original |
BR-BrBNA |
| Idioma da catalogação |
por |
| Instituição que transcreveu o registro |
Biblioteca Nacional de Agricultura |
| 041 ## - CÓDIGO DE IDIOMA |
| Código do idioma do texto/trilha sonora ou título diferente |
(Pt) |
| 072 ## - CÓDIGO DE CATEGORIA DE ASSUNTO |
| Código de Categoria de Assunto |
E50; M00 |
| Código do objeto |
/G514 |
| 090 ## - NÚMERO DE CHAMADA LOCAL |
| Número de chamada |
E50 BR8401351 |
| 100 1# - ENTRADA PRINCIPAL--NOME PESSOAL |
| Nome pessoal |
Bertoletti, J.J. |
| 100 1# - ENTRADA PRINCIPAL--NOME PESSOAL |
| Nome pessoal |
Bertoletti, A.C.R. |
| 100 1# - ENTRADA PRINCIPAL--NOME PESSOAL |
| Nome pessoal |
Puhl, J. |
| 245 1# - TÍTULO |
| Título |
Aspectos socio-economicos da comunidade pesqueira da bacia inferior do Mampituba-Rio Grande do Sul/Santa Catarina [Brasil] |
| 246 1# - FORMA VARIANTE DO TÍTULO |
| Título/título abreviado |
[Social and economic aspects of the fishery community in the lower basin of Mampituba-Rio Grande do Sul/Santa Catarina [Brazil]] |
| 246 1# - FORMA VARIANTE DO TÍTULO |
| Título/título abreviado |
[Communications from the Science Museum of the Pontificial Catholic University of Rio Grande do Sul] |
| 490 ## - TÍTULO DA SÉRIE |
| Título da série |
Comunicacoes do Museu de Ciencias da PUCRGS (Brazil) |
| Número do volume ou designação sequencial da série |
no. 14 |
| 500 ## - NOTA GERAL |
| Nota geral |
Comunicacoes do Museu de Ciencias da Pontificia Universidade Catolica do Rio Grande do Sul<br/>Porto Alegre, RS (Brasil): 1983. p. 1-39 [15 illus.; 11 ref.]<br/>(BR8401351-AMS)<br/> |
| 650 ## - ASSUNTO--TERMO TÓPICO |
| Cabeçalho tópico ou nome geográfico |
COMUNIDADE PESQUEIRA |
| 650 ## - ASSUNTO--TERMO TÓPICO |
| Cabeçalho tópico ou nome geográfico |
PESCADOR |
| 650 ## - ASSUNTO--TERMO TÓPICO |
| Cabeçalho tópico ou nome geográfico |
NUTRICAO HUMANA |
| 650 ## - ASSUNTO--TERMO TÓPICO |
| Cabeçalho tópico ou nome geográfico |
SAUDE |
| 650 ## - ASSUNTO--TERMO TÓPICO |
| Cabeçalho tópico ou nome geográfico |
HABITACAO |
| 650 ## - ASSUNTO--TERMO TÓPICO |
| Cabeçalho tópico ou nome geográfico |
DEMOGRAFIA |
| 650 ## - ASSUNTO--TERMO TÓPICO |
| Cabeçalho tópico ou nome geográfico |
NIVEL DE VIDA |
| 650 ## - ASSUNTO--TERMO TÓPICO |
| Cabeçalho tópico ou nome geográfico |
PRODUCAO PESQUEIRA |
| 650 ## - ASSUNTO--TERMO TÓPICO |
| Cabeçalho tópico ou nome geográfico |
ASSISTENCIA TECNICA |
| 650 ## - ASSUNTO--TERMO TÓPICO |
| Cabeçalho tópico ou nome geográfico |
RIO GRANDE DO SUL |
| 650 ## - ASSUNTO--TERMO TÓPICO |
| Cabeçalho tópico ou nome geográfico |
SANTA CATARINA |
| 773 0# - ENTRADA ANALÍTICA |
| Título |
Comunicacoes do Museu de Ciencias da Pontificia Universidade Catolica do Rio Grande do Sul |
| Número de controle do registro |
E50 BR8401351 |
| Partes relacionadas |
Porto Alegre, RS (Brasil), 1983. p. 1-39 |
| 942 ## - ELEMENTOS DE ENTRADA ADICIONADOS (KOHA) |
| Tipo de material Koha |
Analítica de Monografia Seriada |
| Fonte da classificação ou esquema de arquivamento na estante |
Classificação AGRIS |
| 909 ## - |
| -- |
202506 |
| -- |
Lúcia |
| -- |
55 |
| -- |
Lúcia Elande |